Responses for show #4157 - Tuesday, October 1, 2002

Contestants

[<< previous game]

Christine Schmidt, a high school teacher from Miami, Florida

Scott Hermes, an actor from Des Plaines, Illinois

Melissa Mayo, a geographic information systems specialist from Tyler, Texas (whose 1-day cash winnings total $17,200)

[next game >>]

Jeopardy! Round responses

ARNOLD SCHWARZENEGGER
PREDATOR
TWINS
LAST ACTION HERO
THE RISE OF THE MACHINES
PUMPING "IRON"
    $200 19
Austria

Melissa
    $200 9
great white shark

Scott
    $200 6
Elvis Presley

Christine
    $200 14
"Beowulf"

Christine
    $200 26
(Scott: What is steam?)

solar energy

Scott
Triple Stumper
    $200 1
iron lung

Christine
    $400 20
Maria Shriver

Melissa
    $400 10
penguins

Scott
    $400 7
(Christine: Who are Barry & Maurice?)

Robin & Maurice

MelissaChristine
    $400 15
(Melissa: Who is Sam Spade?)

Mike Hammer

MelissaChristine
    $400 27
Lake Erie

Scott
    $400 2
"The Man in the Iron Mask"

Christine
    $600 21
"I'll Be Back!"

Christine
    $600 11
(Christine: What are shrews?)

weasels

ScottChristine
    $600 8
(Christine: What is the centaur?)
(Scott: What is Gemini?)

Castor & Pollux

ScottChristine
Triple Stumper
    $600 16
(Christine: Who is Pantagruel?)

Gargantua

Christine
Triple Stumper
    $600 28
sewing machines

Christine
    $600 3
Iron Cross

Melissa
    $800 22
Conan the Barbarian

Scott
    $800 12
jackal

Scott
    $800 17
Metropolis

Scott
    $800 24
El Cid (Rodrigo Diaz)

Christine
    $2,000 29
Kelvinator

Christine
    $800 4
"The Iron Lady"

Scott
    $1000 23
Jayne Mansfield

Christine
    $1000 13
pufferfish

Scott
    $1000 18
Jacob & Esau

Christine
    $1000 25
Edmond Dantes

Triple Stumper
    $1000 30
(Melissa: What is exponential?)
(Christine: What is quadratic?)

parallel processing

MelissaChristine
Triple Stumper
    $1000 5
iron oxide

Scott

Scores at the first commercial break (after clue 15):

Melissa Scott Christine
$600 $4,200 -$200

Scores at the end of the Jeopardy! Round:

Melissa Scott Christine
$200 $6,000 $4,200

Double Jeopardy! Round responses

ALL ABOUT THE BENJAMINS
MUSICAL NUMBERS
PLANET OF THE CAPES
LET THE GAMES BEGIN
CHRISTIANITY
ADD A LETTER
    $400 26
Benjamin Netanyahu

Christine
    $400 13
"Knock Three Times"

Christine
    $400 6
Cape Kennedy

Scott
    $400 19
chess

Scott
    $400 1
baptism

Christine
    $400 8
stare/star

Scott
    $800 27
NAACP

Scott
    $800 14
"It Takes Two"

Triple Stumper
    $800 7
Cape Horn

Triple Stumper
    $800 20
New Orleans

Scott
    $800 2
Orthodox Church

Melissa
    $800 9
scare/scar

Melissa
    $1200 28
Benjamin Disraeli

Christine
    $1200 15
Matchbox Twenty

Scott
    $1200 18
Cape Cod

Melissa
    $1200 21
dominoes

Christine
    $1200 3
United Methodist Church

Christine
    $1200 10
(Christine: What is harrow?)

barrow/arrow

MelissaChristine
    $1600 29
(Alex: And now, the last clue...)
[The end-of-round signal sounds.]
(Alex: In 1903...)

Emma Lazarus

Scott
    $2,000 16
(Scott: What is love?)

"50 Ways to Leave Your Lover"

Scott
    $1600 24
Cape Fear

Christine
    $1600 22
(Melissa: What is badminton?)

shuttlecock

MelissaScott
    $3,000 4
Reformed

Christine
    $1600 11
guild/gild

Melissa
    $2000 17
"Five O'Clock World"

Christine
    $2000 25
Cape Verde Islands

Triple Stumper
    $2000 23
(Alex: Minute to go now, Scott.)

7 points

Triple Stumper
    $2000 5
(Melissa: What is fundamentalism?)

Pentecostalism

Melissa
Triple Stumper
    $2000 12
hearth/heath

Christine

Scores at the end of the Double Jeopardy! Round:

Melissa Scott Christine
$2,200 $11,200 $16,400

[wagering suggestions for these scores]

Final Jeopardy! Round responses

COMIC STRIPS
(Alex: Have you been following them in your local newspaper?)
MelissaWho is Andy Capp
$2,199
ScottWho is Andy Capp?
$6,600
ChristineWho is Andy Capp?
$6,001
Andy Capp

Final scores:

Melissa Scott Christine
$4,399 $17,800 $22,401
3rd place: $1,000 2nd place: $2,000 New champion: $22,401

Game dynamics:

Coryat scores:

Melissa Scott Christine
$2,200 $13,200 $13,800
9 R,
4 W
18 R,
3 W
(including 1 DD)
21 R
(including 2 DDs),
6 W

Combined Coryat: $29,200

The J! Archive is created by fans, for fans. The Jeopardy! game show and all elements thereof, including but not limited to copyright and trademark thereto, are the property of Jeopardy Productions, Inc. and are protected under law. This website is not affiliated with, sponsored by, or operated by Jeopardy Productions, Inc. Join the discussion at JBoard.tv.